书目信息 |
| 题名: |
话本小说
|
|
| 作者: | ;江苏省文联图书编辑部 编 | |
| 分册: | 第一辑 | |
| 出版信息: | 北京 中国文联出版公司 1984 |
|
| 页数: | 285页 | |
| 开本: | 19cm | |
| 丛书名: | ||
| 单 册: | ||
| 中图分类: | I247.4 , I242.3 | |
| 科图分类: | ||
| 主题词: | 话本小说--中国--现代--选集 , 小说--中国 | |
| 电子资源: | ||
| ISBN: | ||
| 000 | 00751nam0 2200265 45 | |
| 001 | 0184005625 | |
| 005 | 20040421144938.9 | |
| 010 | @dCNY0.73 | |
| 091 | @a10313.18 | |
| 100 | @a19951031d1984 em y0chiy0121 ea | |
| 101 | 0 | @achi |
| 102 | @aCN@b110000 | |
| 105 | @af z 000ay | |
| 106 | @ar | |
| 200 | 10 | @a话本小说@h第一辑@Ahua ben xiao shuo@f江苏省文联图书编辑部编 |
| 210 | @a北京@c中国文联出版公司@d1984 | |
| 215 | @a285页@c插图@d19cm | |
| 606 | @a话本小说@y中国@z现代@x选集 | |
| 606 | 0 | @a小说@x中国 |
| 690 | @aI247.4@v3 | |
| 690 | @aI242.3 | |
| 711 | 02 | @a江苏省文联图书编辑部@4编@Ajiang su sheng wen lian tu shu bian ji bu |
| 801 | 0 | @aCN@b深圳图书馆@c20040421 |
| 801 | 2 | @aCN@bNLC@c20040421 |
| 905 | @f2@b112971-972@dI242.3@e4:1 | |
| 话本小说.第一辑/江苏省文联图书编辑部编.-北京:中国文联出版公司,1984 |
| 285页:插图;19cm |
| ISBN :CNY0.73 |
| ● |
| 相关链接 |
|
|
|
|
正题名:话本小说
索取号:I242.3/4:1
 
预约/预借
| 序号 | 登录号 | 条形码 | 馆藏地/架位号 | 状态 | 备注 |
| 1 | 0112971 | 000178248 | 第二借阅区/ [索取号:I242.3/4:1] | 在馆 | |
| 2 | 0112972 | 000178239 | 第二借阅区/ [索取号:I242.3/4:1] | 在馆 | |
| 3 | 0112973 | 000178220 | 第一样本阅览室/ [索取号:I242.3/4:1] | 在馆 |